[Event "Ljubljana-chT 63rd Superliga"]
[Site "Ljubljana"]
[Date "2010.02.25"]
[Round "6.1"]
[White "Jazbinsek, Sebastjan"]
[Black "Krumpak, Hinko"]
[Result "1/2-1/2"]
[WhiteElo "2206"]
[BlackElo "2161"]
[PlyCount "144"]
[EventDate "2010.01.07"]
[EventType "team-tourn"]
[EventRounds "9"]
[EventCountry "SLO"]
[SourceTitle "EXT 2022"]
[Source "ChessBase"]
[SourceDate "2021.10.06"]
[SourceVersion "1"]
[SourceVersionDate "2021.10.06"]
[SourceQuality "1"]
[WhiteTeam "Farmacija"]
[BlackTeam "Visnja Gora Sticna"]
[WhiteTeamCountry "SLO"]
[BlackTeamCountry "SLO"]

1. e4 g6 2. d4 Bg7 3. Be2 c6 4. h4 h5 5. Nf3 d5 6. Nc3 Bg4 7. exd5 cxd5 8. Ne5 Bxe2 9. Qxe2 a6 10. Bg5 Nf6 11. 0-0-0 Nc6 12. Rhe1 Qd6 13. Kb1 0-0 14. Nxc6 Qxc6 15. Qxe7 Rfe8 16. Qc5 Rxe1 17. Rxe1 Re8 18. Rd1 Ne4 19. Qxc6 bxc6 20. Be3 Bf6 21. Nxe4 Rxe4 22. g3 Be7 23. c3 Bd6 24. Re1 f5 25. Bd2 Rxe1+ 26. Bxe1 f4 27. Kc2 fxg3 28. fxg3 Kf7 29. Kd3 Ke6 30. Ke3 Kf5 31. Kf3 g5 32. hxg5 Kxg5 33. b3 Kf5 34. Bd2 Be7 35. c4 Ba3 36. cxd5 cxd5 37. Ba5 Ke6 38. Bb6 Kd6 39. Ba7 Kc6 40. Bb8 Bb2 41. Ke3 Bc1+ 42. Kd3 Ba3 43. Be5 Kb5 44. Kc3 a5 45. Kd3 a4 46. Bf4 axb3 47. axb3 Be7 48. Bd2 Bd6 49. Be1 Ba3 50. Ke3 Bc1+ 51. Kd3 Bg5 52. Ke2 Bf6 53. Bc3 Bg5 54. Kf3 Bc1 55. Be1 Bg5 56. Ke2 Bc1 57. Bd2 Bb2 58. Ke3 Ba3 59. Kf3 Bb2 60. Ke3 Ba3 61. Kf4 Bd6+ 62. Kf3 Be7 63. Be1 Bg5 64. Ke2 Bc1 65. Kd3 Bg5 66. Bd2 Bf6 67. Ke3 Bg5+ 68. Ke2 Bf6 69. Bc3 Bg5 70. Kf3 Bc1 71. Kg2 Be3 72. Kf3 Bc1 1/2-1/2

[Event "Ljubljana-chT 63rd Superliga"]
[Site "Ljubljana"]
[Date "2010.01.14"]
[Round "2.1"]
[White "Jazbinsek, Sebastjan"]
[Black "Rozic, Samo"]
[Result "1/2-1/2"]
[WhiteElo "2206"]
[BlackElo "2022"]
[PlyCount "52"]
[EventDate "2010.01.07"]
[EventType "team-tourn"]
[EventRounds "9"]
[EventCountry "SLO"]
[SourceTitle "EXT 2022"]
[Source "ChessBase"]
[SourceDate "2021.10.06"]
[SourceVersion "1"]
[SourceVersionDate "2021.10.06"]
[SourceQuality "1"]
[WhiteTeam "Farmacija"]
[BlackTeam "Ig"]
[WhiteTeamCountry "SLO"]
[BlackTeamCountry "SLO"]

1. d4 e6 2. Nf3 f5 3. g3 b6 4. Bg2 Bb7 5. 0-0 Nf6 6. c4 Be7 7. Nc3 Ne4 8. Qc2 Nxc3 9. Qxc3 Bf6 10. b3 Qe7 11. Bb2 0-0 12. Qd2 d6 13. Ne1 Bxg2 14. Nxg2 Nd7 15. Nf4 Bg5 16. e3 Kh8 17. Rad1 Rae8 18. Rfe1 Qf7 19. d5 Bxf4 20. dxe6 Rxe6 21. exf4 Rfe8 22. Rxe6 Qxe6 23. Qd4 Nf6 24. Bc3 Kg8 25. Re1 Qf7 26. Rxe8+ Qxe8 1/2-1/2

[Event "SLO-chT1 East"]
[Site "Celje"]
[Date "2007.11.04"]
[Round "1"]
[White "Breznik, Kristijan"]
[Black "Jazbinsek, Sebastjan"]
[Result "1/2-1/2"]
[WhiteElo "2157"]
[BlackElo "2222"]
[PlyCount "87"]
[EventDate "2007.11.11"]
[EventType "team-tourn"]
[EventRounds "9"]
[EventCountry "SLO"]
[SourceTitle "EXT 2010"]
[Source "ChessBase"]
[SourceDate "2010.11.25"]
[SourceVersion "1"]
[SourceVersionDate "2010.11.25"]
[SourceQuality "1"]

1. Nf3 Nf6 2. d4 e6 3. g3 b6 4. Bg2 Bb7 5. 0-0 Be7 6. c4 0-0 7. Nc3 d5 8. Ne5 c6 9. e4 dxc4 10. a4 Bb4 11. Bg5 h6 12. Bxf6 Qxf6 13. Nxc4 Bxc3 14. e5 Qe7 15. bxc3 Ba6 16. Qb3 Nd7 17. Rfe1 Bxc4 18. Qxc4 Rac8 19. a5 b5 20. Qb3 a6 21. c4 Rc7 22. Rec1 Rfc8 23. Rc2 Nb8 24. Rac1 Qd7 25. Qc3 g6 26. h4 h5 27. Kh2 Rd8 28. Rd1 Kg7 29. cxb5 axb5 30. d5 b4 31. Qb2 cxd5 32. Rxc7 Qxc7 33. Qxb4 Qxe5 34. Bf1 Qf6 35. Kg2 Nc6 36. Qb6 Qc3 37. Bb5 Qb3 38. Ra1 Qb2 39. Re1 Rb8 40. Qxc6 Qxb5 41. Qc7 Rb7 42. Qe5+ f6 43. Qxe6 Qxa5 44. Rd1 1/2-1/2

[Event "Zadar op-B 13th"]
[Site "Zadar"]
[Date "2006.12.15"]
[Round "7.6"]
[White "Matko, Ognjen"]
[Black "Jazbinsek, Sebastjan"]
[Result "0-1"]
[WhiteElo "2159"]
[BlackElo "2220"]
[PlyCount "100"]
[EventDate "2006.12.11"]
[EventType "swiss"]
[EventRounds "9"]
[EventCountry "CRO"]
[SourceTitle "CBM 115 Extra"]
[Source "ChessBase"]
[SourceDate "2007.01.10"]
[SourceVersion "1"]
[SourceVersionDate "2007.01.10"]
[SourceQuality "1"]

1. e4 c5 2. Nf3 d6 3. Bb5+ Bd7 4. Bxd7+ Qxd7 5. 0-0 Nc6 6. Re1 Nf6 7. c3 e6 8. d4 d5 9. exd5 Qxd5 10. Bg5 cxd4 11. cxd4 Bb4 12. Nc3 Bxc3 13. bxc3 0-0 14. Qe2 Qf5 15. Rab1 Nd5 16. Qd2 h6 17. Bh4 b6 18. c4 Nf6 19. Rb5 Qg6 20. d5 exd5 21. cxd5 Rfd8 22. Qc1 Na5 23. Ne5 Qf5 24. Bxf6 Qxf6 25. Ng4 Qd4 26. Ne3 Rac8 27. Qb1 Nc4 28. Rb4 a5 29. Rxc4 Rxc4 30. Rd1 Rb4 31. Qc1 Qe5 32. g3 Rd4 33. Rxd4 Qxd4 34. Qc7 Rxd5 35. Nxd5 Qxd5 36. Qc8+ Kh7 37. Qc2+ g6 38. a4 b5 39. axb5 Qxb5 40. Qc7 Qd5 41. Qa7 Kg7 42. h4 h5 43. Kh2 Qe5 44. f4 Qe2+ 45. Kh3 Qd1 46. Qb7 a4 47. Qb2+ Kh7 48. Kg2 Qb3 49. Qf6 a3 50. Kh3 Qe6+ 0-1

[Event "SLO-chT1 East"]
[Site "Celje"]
[Date "2006.11.04"]
[Round "2"]
[White "Jazbinsek, Sebastjan"]
[Black "Kranjec, Toni"]
[Result "1-0"]
[WhiteElo "2220"]
[BlackElo "2064"]
[PlyCount "53"]
[EventDate "2006.11.04"]
[EventType "team"]
[EventRounds "9"]
[EventCountry "SLO"]
[SourceTitle "EXT 2008"]
[Source "ChessBase"]
[SourceDate "2007.11.25"]
[SourceVersion "1"]
[SourceVersionDate "2007.11.25"]
[SourceQuality "1"]

1. e4 e5 2. Nf3 Nc6 3. d4 exd4 4. Nxd4 Qf6 5. Nxc6 Bc5 6. Qf3 dxc6 7. Bc4 Qxf3 8. gxf3 Ke7 9. Bf4 Bb6 10. a4 a5 11. Nd2 Be6 12. Bxe6 Kxe6 13. Nc4 Ne7 14. Rg1 g6 15. Nxb6 cxb6 16. Bc7 Nc8 17. Rd1 Re8 18. Ke2 Re7 19. Bd8 Rd7 20. Rxd7 Kxd7 21. Rd1+ Ke6 22. Bc7 Ra6 23. Rd8 Na7 24. e5 b5 25. Rd6+ Ke7 26. Bd8+ Ke8 27. Bf6 1-0

[Event "SLO-chT 15th"]
[Site "Bled"]
[Date "2005.12.02"]
[Round "9"]
[White "Jazbinsek, Sebastjan"]
[Black "Navinsek, Thomaz"]
[Result "1/2-1/2"]
[WhiteElo "2220"]
[BlackElo "2300"]
[PlyCount "22"]
[EventDate "2005.11.26"]
[EventType "team-tourn"]
[EventRounds "9"]
[EventCountry "SLO"]
[SourceTitle "CBM 109 Extra"]
[Source "ChessBase"]
[SourceDate "2006.01.03"]
[SourceVersion "2"]
[SourceVersionDate "2006.01.03"]
[SourceQuality "1"]
[WhiteTeam "Sentjur"]
[BlackTeam "Ljubljana Vidmar"]
[WhiteTeamCountry "SLO"]
[BlackTeamCountry "SLO"]

1. e4 e5 2. Nf3 d6 3. Bc4 Nf6 4. d3 Be7 5. 0-0 0-0 6. Re1 Nbd7 7. c3 Re8 8. Bb3 c6 9. Nbd2 Nf8 10. Nf1 Ng6 11. Ng3 Bf8 1/2-1/2

[Event "SLO-chT 15th"]
[Site "Bled"]
[Date "2005.12.01"]
[Round "8"]
[White "Rozic, Vesna"]
[Black "Jazbinsek, Sebastjan"]
[Result "1/2-1/2"]
[WhiteElo "2200"]
[BlackElo "2220"]
[PlyCount "86"]
[EventDate "2005.11.26"]
[EventType "team-tourn"]
[EventRounds "9"]
[EventCountry "SLO"]
[SourceTitle "CBM 109 Extra"]
[Source "ChessBase"]
[SourceDate "2006.01.03"]
[SourceVersion "2"]
[SourceVersionDate "2006.01.03"]
[SourceQuality "1"]
[WhiteTeam "Kranj Tomo Zupan"]
[BlackTeam "Sentjur"]
[WhiteTeamCountry "SLO"]
[BlackTeamCountry "SLO"]

1. d4 Nf6 2. Nf3 d6 3. Bg5 Nbd7 4. Nbd2 e5 5. dxe5 Nxe5 6. e3 Be7 7. Be2 0-0 8. 0-0 Ng6 9. Nh4 c6 10. Nxg6 hxg6 11. c3 Be6 12. Qc2 d5 13. Rfe1 Qb6 14. Bd3 Rfe8 15. h3 Rad8 16. Rad1 Rd7 17. Nf3 Ne4 18. Bxe7 Rdxe7 19. Bxe4 dxe4 20. Nd4 Bc4 21. Rd2 Re5 22. b3 Bd3 23. Qd1 c5 24. Ne2 Bxe2 25. Qxe2 Rg5 26. Red1 Qe6 27. Kh1 Kh7 28. c4 Qf6 29. Rd7 Ree5 30. R1d6 Re6 31. Rxe6 fxe6 32. g3 Rh5 33. Kg2 Qa1 34. h4 Kh6 35. Rxb7 g5 36. Qg4 gxh4 37. Qf4+ Rg5 38. Qxh4+ Rh5 39. Qf4+ Kg6 40. Qxe4+ Kf6 41. Qf4+ Kg6 42. Qg4+ Kh6 43. Qf4+ Kg6 1/2-1/2

[Event "SLO-chT 15th"]
[Site "Bled"]
[Date "2005.11.29"]
[Round "5"]
[White "Jazbinsek, Sebastjan"]
[Black "Mikhalchishin, Adrian"]
[Result "0-1"]
[WhiteElo "2220"]
[BlackElo "2529"]
[PlyCount "136"]
[EventDate "2005.11.26"]
[EventType "team-tourn"]
[EventRounds "9"]
[EventCountry "SLO"]
[SourceTitle "CBM 109 Extra"]
[Source "ChessBase"]
[SourceDate "2006.01.03"]
[SourceVersion "2"]
[SourceVersionDate "2006.01.03"]
[SourceQuality "1"]
[WhiteTeam "Sentjur"]
[BlackTeam "Maribor LANCom"]
[WhiteTeamCountry "SLO"]
[BlackTeamCountry "SVK"]

1. e4 e5 2. Bc4 Nf6 3. d3 c6 4. Nf3 Be7 5. 0-0 d6 6. Re1 0-0 7. Bb3 a5 8. c3 b5 9. Bc2 Nbd7 10. Nbd2 Re8 11. Nf1 Bf8 12. Ng3 g6 13. a4 b4 14. d4 Ba6 15. Nf1 Qc7 16. Bg5 h6 17. Bh4 Rab8 18. Bd3 Qa7 19. Rc1 Nh5 20. Bg3 Nxg3 21. hxg3 bxc3 22. bxc3 Nb6 23. Bxa6 Qxa6 24. Ne3 Qc8 25. d5 h5 26. Rb1 Bh6 27. Rxb6 Rxb6 28. Nc4 Qa6 29. Nxb6 Qxb6 30. Qd3 Rc8 31. Rd1 cxd5 32. Qxd5 Rxc3 33. Qxd6 Qxd6 34. Rxd6 Rc1+ 35. Kh2 Rc4 36. Nxe5 Rxe4 37. Rd8+ Kg7 38. Rd5 Rxa4 39. Rd7 Kf6 40. Nxf7 Ke6 41. Ra7 Bd2 42. Nd8+ Ke5 43. Nb7 Ra2 44. f4+ Ke4 45. Nc5+ Kd5 46. Nb3 Be1 47. Re7 Bc3 48. Rd7+ Kc4 49. Nc1 Rb2 50. Rc7+ Kd4 51. Rd7+ Ke4 52. Re7+ Kd5 53. Rd7+ Ke6 54. Rc7 Bd4 55. Nd3 Rb1 56. Rc6+ Kf5 57. Ne5 Rb6 58. Nxg6 Rxc6 59. Ne7+ Ke4 60. Nxc6 a4 61. Nb4 a3 62. Kh3 Bc5 63. Na2 Kd3 64. Kh4 Kc2 65. Kxh5 Kb2 66. g4 Kxa2 67. g5 Kb1 68. g6 Bd4 0-1

[Event "SLO-ch 15th"]
[Site "Ptuj"]
[Date "2005.08.12"]
[Round "1"]
[White "Hevir, Zlatko"]
[Black "Jazbinsek, Sebastjan"]
[Result "1/2-1/2"]
[WhiteElo "2159"]
[BlackElo "2233"]
[PlyCount "78"]
[EventDate "2005.08.12"]
[EventType "swiss"]
[EventRounds "9"]
[EventCountry "SLO"]
[SourceTitle "CBM 107 Extra"]
[Source "ChessBase"]
[SourceDate "2005.09.01"]
[SourceVersion "1"]
[SourceVersionDate "2005.09.01"]
[SourceQuality "1"]

1. e4 c5 2. Nf3 d6 3. d4 cxd4 4. Nxd4 Nf6 5. Nc3 g6 6. Be3 Bg7 7. f3 0-0 8. Qd2 Nc6 9. h4 d5 10. Nxc6 bxc6 11. 0-0-0 Qa5 12. e5 Nd7 13. f4 Nb6 14. Qd4 Bg4 15. Re1 Nd7 16. Qa4 Qc7 17. h5 Rfd8 18. Rh4 Be6 19. hxg6 fxg6 20. g4 c5 21. Bh3 g5 22. fxg5 d4 23. Nb5 Qc6 24. Bd2 Nb6 25. Qa6 Bc4 26. Bf1 d3 27. a4 Qd5 28. Qa5 Bxb5 29. axb5 Nc4 30. Qa2 Bxe5 31. Bg2 Bxb2+ 32. Qxb2 Qxg2 33. Qc3 Qxd2+ 34. Qxd2 Nxd2 35. Kxd2 dxc2+ 36. Kxc2 Rd7 37. Reh1 e5 38. g6 h6 39. Rxh6 Rad8 1/2-1/2

[Event "Ljubljana op 16th"]
[Site "Ljubljana"]
[Date "2005.07.10"]
[Round "3"]
[White "Jazbinsek, Sebastjan"]
[Black "Barle, Janez"]
[Result "1/2-1/2"]
[WhiteElo "2233"]
[BlackElo "2408"]
[PlyCount "75"]
[EventDate "2005.07.09"]
[EventType "swiss"]
[EventRounds "9"]
[EventCountry "SLO"]
[SourceTitle "CBM 107 Extra"]
[Source "ChessBase"]
[SourceDate "2005.09.01"]
[SourceVersion "1"]
[SourceVersionDate "2005.09.01"]
[SourceQuality "1"]

1. e4 c5 2. Nf3 Nc6 3. d4 cxd4 4. Nxd4 g6 5. c4 Bg7 6. Be3 Nh6 7. Nc3 0-0 8. Be2 f5 9. exf5 Bxd4 10. Bxh6 Rxf5 11. 0-0 d6 12. Qd2 Qa5 13. Rac1 Be6 14. Be3 Bxe3 15. Qxe3 Re5 16. Qd2 Rf8 17. b3 g5 18. Bd3 h6 19. Be4 Rf4 20. Qd3 Nb4 21. Qb1 Bf5 22. Bxf5 Rexf5 23. Ne2 Nxa2 24. Rc2 Nb4 25. Nxf4 gxf4 26. Rc3 Nc6 27. Rh3 Rf6 28. Qe4 e6 29. Rh4 Qg5 30. g3 e5 31. Qf3 Nd4 32. Qd5+ Kf8 33. Qxb7 fxg3 34. Qc8+ Ke7 35. Qc7+ Ke8 36. Qc8+ Ke7 37. Qc7+ Ke8 38. Qc8+ 1/2-1/2

[Event "Nerezine Losinj op"]
[Site "Nerezine"]
[Date "2005.05.27"]
[Round "3"]
[White "Jazbinsek, Sebastjan"]
[Black "Mestrovic, Zvonimir"]
[Result "0-1"]
[WhiteElo "2233"]
[BlackElo "2372"]
[PlyCount "88"]
[EventDate "2005.05.26"]
[EventType "swiss"]
[EventRounds "7"]
[EventCountry "CRO"]
[SourceTitle "CBM 106 Extra"]
[Source "ChessBase"]
[SourceDate "2005.07.01"]
[SourceVersion "1"]
[SourceVersionDate "2005.07.01"]
[SourceQuality "1"]

1. e4 e5 2. Nf3 Nc6 3. Nc3 Nf6 4. d4 exd4 5. Nxd4 Bb4 6. Nxc6 bxc6 7. Bd3 Bxc3+ 8. bxc3 d6 9. 0-0 Nd7 10. Be3 0-0 11. f4 c5 12. e5 Bb7 13. Rb1 Bc6 14. Qh5 g6 15. Qh6 f5 16. Bc4+ d5 17. Bb5 Bxb5 18. Rxb5 Rb8 19. Ra5 Rb7 20. Bxc5 Re8 21. Bf2 Nf8 22. Bh4 Qd7 23. Rd1 c6 24. c4 Qc7 25. Ra6 Ne6 26. Bf6 Rb6 27. Ra3 Qf7 28. cxd5 cxd5 29. Rad3 d4 30. h4 Qf8 31. Qxf8+ Rxf8 32. Ra3 Rb7 33. Bg5 Rc8 34. Rd2 Kf7 35. Ra6 Rcc7 36. Kf2 Nc5 37. Rf6+ Kg7 38. Rxd4 h6 39. h5 hxg5 40. Rxg6+ Kf7 41. Rf6+ Ke8 42. fxg5 Ne6 43. Rd3 Rxc2+ 44. Ke3 Rbb2 0-1

[Event "Nerezine Losinj op"]
[Site "Nerezine"]
[Date "2005.05.27"]
[Round "4"]
[White "Kalajzic, Ivan"]
[Black "Jazbinsek, Sebastjan"]
[Result "1-0"]
[WhiteElo "2161"]
[BlackElo "2233"]
[PlyCount "61"]
[EventDate "2005.05.26"]
[EventType "swiss"]
[EventRounds "7"]
[EventCountry "CRO"]
[SourceTitle "CBM 106 Extra"]
[Source "ChessBase"]
[SourceDate "2005.07.01"]
[SourceVersion "1"]
[SourceVersionDate "2005.07.01"]
[SourceQuality "1"]

1. b3 e5 2. Bb2 Nc6 3. e3 Nf6 4. Bb5 d6 5. d4 Bd7 6. dxe5 Nxe5 7. Bxd7+ Nfxd7 8. Nf3 Qf6 9. Nxe5 dxe5 10. 0-0 0-0-0 11. Nd2 Qe6 12. Qe2 f6 13. Rfd1 Be7 14. Nc4 h5 15. a4 h4 16. h3 Nb6 17. Nxb6+ cxb6 18. c4 Rxd1+ 19. Rxd1 Rd8 20. e4 Rxd1+ 21. Qxd1 Kc7 22. Kf1 Qd6 23. Qd5 Qb4 24. Qd3 a6 25. Ke2 b5 26. cxb5 axb5 27. Bc3 Qc5 28. b4 Qc4 29. axb5 Qa2+ 30. Kf3 Qb3 31. Bxe5+ 1-0

[Event "SLO Cup"]
[Site "Gostovanja"]
[Date "2005.05.16"]
[Round "1"]
[White "Tolic, Mato"]
[Black "Jazbinsek, Sebastjan"]
[Result "0-1"]
[WhiteElo "2039"]
[BlackElo "2233"]
[PlyCount "68"]
[EventDate "2005.05.16"]
[EventType "team"]
[EventRounds "4"]
[EventCountry "SLO"]
[SourceTitle "EXT 2009"]
[Source "ChessBase"]
[SourceDate "2008.11.26"]
[SourceVersion "1"]
[SourceVersionDate "2008.11.26"]
[SourceQuality "1"]
[WhiteTeam "Fram"]
[BlackTeam "Sentjur"]
[WhiteTeamCountry "SLO"]
[BlackTeamCountry "SLO"]

1. e4 c5 2. Nf3 d6 3. d4 cxd4 4. Nxd4 Nf6 5. Nc3 g6 6. Be3 Bg7 7. f3 0-0 8. Qd2 Nc6 9. Bc4 Nd7 10. Nxc6 bxc6 11. Bh6 Nb6 12. Bb3 a5 13. h4 a4 14. h5 Be5 15. hxg6 hxg6 16. Qg5 axb3 17. Qh4 Bg7 18. Bxg7 Kxg7 19. Qh6+ Kf6 20. e5+ dxe5 21. Ne4+ Ke6 22. Ng5+ Kd6 23. Rd1+ Nd5 24. axb3 Be6 25. Qg7 Qa5+ 26. b4 Qxb4+ 27. c3 Qxb2 28. Ne4+ Kd7 29. Qxe5 Ra2 30. Rd2 Ra1+ 31. Kf2 Qb6+ 32. Kg3 Rxh1 33. c4 Qc7 34. Nc5+ Kc8 0-1

[Event "Ljubljana op 14th"]
[Site "Ljubljana"]
[Date "2003.06.25"]
[Round "7"]
[White "Skoberne, Jure"]
[Black "Jazbinsek, Sebastjan"]
[Result "1/2-1/2"]
[WhiteElo "2069"]
[BlackElo "2200"]
[PlyCount "120"]
[EventDate "2003.06.21"]
[EventType "swiss"]
[EventRounds "9"]
[EventCountry "SLO"]
[SourceTitle "EXT 2004"]
[Source "ChessBase"]
[SourceDate "2003.11.25"]
[SourceVersion "1"]
[SourceVersionDate "2003.11.25"]
[SourceQuality "1"]

1. g3 Nf6 2. Bg2 d5 3. d3 c6 4. Nd2 Bg4 5. h3 Bf5 6. e4 dxe4 7. dxe4 Be6 8. Ngf3 g6 9. 0-0 Bg7 10. Ng5 Qc8 11. f4 h6 12. Nxe6 Qxe6 13. e5 Nfd7 14. Nf3 Qc4 15. Be3 Na6 16. b3 Qb4 17. c3 Qa3 18. e6 fxe6 19. Bd4 Bxd4+ 20. Nxd4 Nc7 21. Qg4 0-0-0 22. Nxe6 h5 23. Qe2 Nxe6 24. Qxe6 h4 25. g4 Qc5+ 26. Kh1 Qxc3 27. Qxg6 Nf6 28. Rae1 Kb8 29. Qf5 Ka8 30. Rc1 Qe3 31. Qc5 Qd2 32. Rf2 Qd3 33. Re1 Rd7 34. Qe3 Qb5 35. Rd2 Rhd8 36. Rxd7 Rxd7 37. Qe5 Qb4 38. g5 Ne8 39. g6 a6 40. f5 Nf6 41. g7 Ka7 42. a3 Qxb3 43. Qe3+ Qxe3 44. Rxe3 Ng8 45. Re6 c5 46. Bf1 Rc7 47. Bc4 b5 48. Rxa6+ Kxa6 49. Bxg8 Rc8 50. Be6 Rd8 51. g8Q Rxg8 52. Bxg8 c4 53. a4 c3 54. axb5+ Kxb5 55. Bb3 Kb4 56. Bc2 Kc5 57. Kg2 Kd4 58. Kf3 Ke5 59. Kg4 e6 60. fxe6 Kxe6 1/2-1/2

[Event "Ljubljana op 14th"]
[Site "Ljubljana"]
[Date "2003.06.24"]
[Round "5"]
[White "Jazbinsek, Sebastjan"]
[Black "Biti, Ozren"]
[Result "1-0"]
[WhiteElo "2200"]
[BlackElo "2356"]
[PlyCount "101"]
[EventDate "2003.06.21"]
[EventType "swiss"]
[EventRounds "9"]
[EventCountry "SLO"]
[SourceTitle "EXT 2004"]
[Source "ChessBase"]
[SourceDate "2003.11.25"]
[SourceVersion "1"]
[SourceVersionDate "2003.11.25"]
[SourceQuality "1"]

1. e4 d6 2. d4 Nf6 3. Nd2 g6 4. Ngf3 Bg7 5. g3 0-0 6. Bg2 Na6 7. 0-0 c6 8. Re1 Nc7 9. c3 b6 10. Qc2 Bd7 11. Nh4 Qc8 12. Nc4 b5 13. Ne3 e5 14. dxe5 dxe5 15. Nf3 Re8 16. Nf1 Nh5 17. a4 a6 18. axb5 axb5 19. Rxa8 Qxa8 20. Rd1 Be6 21. Ng5 Bc8 22. Qb3 Ne6 23. Qc2 Bf8 24. Nxe6 Bxe6 25. Bf3 Nf6 26. Bg5 Nd7 27. h4 f6 28. Be3 Nc5 29. Bxc5 Bxc5 30. b4 Be7 31. Ne3 Qa3 32. Rd2 Bb3 33. Qb1 Be6 34. Rd3 Ra8 35. Bg4 Bf7 36. Kg2 h5 37. Bd7 Qa6 38. Qd1 Kg7 39. g4 Rh8 40. gxh5 Rxh5 41. Bg4 Rxh4 42. Rd7 Kf8 43. Rc7 Be8 44. Bd7 Bf7 45. Bc8 Qa2 46. Qd7 Bxb4 47. cxb4 Rh7 48. Qe7+ Kg8 49. Qxf6 Qb1 50. Bh3 Qxe4+ 51. f3 1-0

[Event "SLO-chT2"]
[Site "Slovenia"]
[Date "2003.05.15"]
[Round "3"]
[White "Petek, Pavel"]
[Black "Jazbinsek, Sebastjan"]
[Result "1-0"]
[WhiteElo "2097"]
[BlackElo "2200"]
[PlyCount "100"]
[EventDate "2003.05.02"]
[EventType "team"]
[EventRounds "9"]
[EventCountry "SLO"]
[SourceTitle "EXT 2005"]
[Source "ChessBase"]
[SourceDate "2004.11.15"]
[SourceVersion "1"]
[SourceVersionDate "2004.11.15"]
[SourceQuality "1"]

1. c4 b6 2. Nf3 Bb7 3. g3 Bxf3 4. exf3 c5 5. d4 cxd4 6. Qxd4 Nc6 7. Qh4 e6 8. Bg5 Be7 9. Bxe7 Qxe7 10. Qxe7+ Kxe7 11. Nc3 Rc8 12. f4 Na5 13. Nb5 a6 14. Na3 Nf6 15. Be2 Nc6 16. Rd1 Nb4 17. 0-0 Rc5 18. Rd2 Rhc8 19. Rfd1 d5 20. cxd5 Nfxd5 21. f5 b5 22. fxe6 fxe6 23. Bg4 Rc1 24. Kf1 Rxd1+ 25. Bxd1 Rc1 26. Ke2 Nxa2 27. Nc2 Nab4 28. Nxb4 Nxb4 29. Rd4 Nd5 30. Kd2 Rc5 31. Bc2 g6 32. h4 Nf6 33. Bb3 a5 34. f3 e5 35. Rd3 Nh5 36. g4 Nf4 37. Re3 Ng2 38. Re2 Nxh4 39. Ke3 g5 40. Bc2 Ng6 41. Rh2 Kf6 42. Bd3 Kg7 43. Bxg6 Kxg6 44. Rd2 Rc6 45. Rd5 Rb6 46. Rxe5 a4 47. Kd4 b4 48. Kc4 Rb8 49. Re6+ Kf7 50. Re3 b3 1-0

[Event "SLO-chT2"]
[Site "Slovenia"]
[Date "2003.03.23"]
[Round "1"]
[White "Jazbinsek, Sebastjan"]
[Black "Markun, Bostjan"]
[Result "0-1"]
[WhiteElo "2200"]
[BlackElo "2266"]
[PlyCount "50"]
[EventDate "2003.05.02"]
[EventType "team"]
[EventRounds "9"]
[EventCountry "SLO"]
[SourceTitle "EXT 2005"]
[Source "ChessBase"]
[SourceDate "2004.11.15"]
[SourceVersion "1"]
[SourceVersionDate "2004.11.15"]
[SourceQuality "1"]

1. e4 e5 2. Bc4 Nf6 3. d3 Nc6 4. Nf3 Be7 5. 0-0 0-0 6. Re1 d6 7. Nbd2 Na5 8. d4 exd4 9. Nxd4 Nxc4 10. Nxc4 d5 11. exd5 Nxd5 12. Qf3 Bf6 13. Nf5 c6 14. Ncd6 Bxf5 15. Nxf5 Qa5 16. Re2 Rae8 17. Bd2 Qb5 18. c4 Qxb2 19. Rae1 Rxe2 20. Qxe2 Nb6 21. Nd6 Qxa2 22. Qe8 Nd7 23. Qxd7 Qxd2 24. Kf1 Bd4 25. Qf5 Bc3 0-1

[Event "Ljubljana op 11th"]
[Site "Ljubljana"]
[Date "2000.06.25"]
[Round "9"]
[White "Podlesnik, Bogdan"]
[Black "Jazbinsek, Sebastjan"]
[Result "1-0"]
[WhiteElo "2415"]
[BlackElo "2224"]
[PlyCount "101"]
[EventDate "2000.06.17"]
[EventType "swiss"]
[EventRounds "9"]
[EventCountry "SLO"]
[SourceTitle "CBM 076 Extra"]
[Source "ChessBase"]
[SourceDate "2000.07.11"]
[SourceVersion "1"]
[SourceVersionDate "2000.07.11"]
[SourceQuality "1"]

1. e4 c5 2. f4 Nc6 3. Nf3 d6 4. c3 e5 5. d4 exd4 6. cxd4 cxd4 7. Nxd4 Qb6 8. Nf3 Nf6 9. Nc3 Be7 10. Bd3 0-0 11. Qe2 Bg4 12. Be3 Qa5 13. Bd2 Qh5 14. Qf2 Nb4 15. Bb1 d5 16. e5 Ne4 17. Nxe4 dxe4 18. Bxe4 Bf5 19. Bxf5 Qxf5 20. 0-0 Nd3 21. Nd4 Qe4 22. Qe3 Qxe3+ 23. Bxe3 Nxb2 24. Nf5 Ba3 25. Bd4 Rfd8 26. Bxb2 Bxb2 27. Rab1 Ba3 28. Rxb7 Bc5+ 29. Kh1 Rab8 30. Rxb8 Rxb8 31. g4 Bf8 32. Rf2 g6 33. Ng3 Bc5 34. Re2 Rb1+ 35. Kg2 h6 36. h4 Kg7 37. h5 Bb6 38. Kf3 Rg1 39. e6 fxe6 40. Rxe6 gxh5 41. Nxh5+ Kh7 42. Re7+ Kg8 43. Nf6+ Kf8 44. Rd7 Ra1 45. Ke4 Rxa2 46. Kf5 Rc2 47. Kg6 Rc7 48. Rd8+ Ke7 49. Re8+ Kd6 50. f5 a5 51. Re6+ 1-0

[Event "SLO-ch"]
[Site "Skofja Loka"]
[Date "2000.??.??"]
[Round "7"]
[White "Jazbinsek, Sebastjan"]
[Black "Djurkovic, Maks"]
[Result "1-0"]
[WhiteElo "2217"]
[BlackElo "2145"]
[PlyCount "120"]
[EventDate "2000.11.??"]
[EventType "swiss"]
[EventRounds "6"]
[EventCountry "SLO"]
[SourceTitle "CBM 079 Extra"]
[Source "ChessBase"]
[SourceDate "2001.01.11"]
[SourceVersion "2"]
[SourceVersionDate "2001.01.25"]
[SourceQuality "1"]

1. e4 d5 2. Nc3 dxe4 3. Nxe4 Qd5 4. Nc3 Qa5 5. d4 Nf6 6. Bc4 Bg4 7. f3 Bf5 8. Bd2 Qb6 9. Nge2 e6 10. 0-0 a6 11. Kh1 Nc6 12. d5 Qc5 13. dxc6 Qxc4 14. cxb7 Rb8 15. Ng3 Bg6 16. Re1 Bd6 17. Nge4 Rxb7 18. Nxf6+ gxf6 19. Ne4 Be5 20. b3 Qc6 21. Rc1 Rb8 22. c4 h5 23. Bc3 Bxe4 24. Rxe4 Rd8 25. Qe1 Bxc3 26. Qxc3 Ke7 27. Rce1 h4 28. h3 Qd6 29. c5 Qd5 30. Qa5 f5 31. Re5 Qc6 32. Rxf5 Rdg8 33. Rf4 Rg3 34. Qc3 Rh6 35. Qd4 Rhg6 36. Rd1 Qd5 37. Qxd5 exd5 38. Rd2 Re6 39. Rxh4 c6 40. Ra4 Rg8 41. Rxa6 Rb8 42. Rd4 f5 43. Rh4 Rg8 44. Rh7+ Kf6 45. Rh6+ Rg6 46. Rxg6+ Kxg6 47. Kg1 f4 48. Kf2 Kf5 49. Ra8 Re3 50. Rf8+ Ke5 51. g3 Rc3 52. Rxf4 Rxc5 53. Ke3 Rc2 54. Ra4 Rc3+ 55. Ke2 d4 56. Rc4 Re3+ 57. Kf2 Kd5 58. h4 Re6 59. Ra4 c5 60. g4 Re3 1-0